LIBRARY & INFORMATION CENTRE, KCAET, TAVANUR

ONLINE PUBLIC ACCESS CATALOGUE (OPAC)

Food Preservation and Safety (Record no. 13818)

MARC details
000 -LEADER
fixed length control field 00283nam a22001217a 4500
020 ## - INTERNATIONAL STANDARD BOOK NUMBER
ISBN 9789380013398
082 ## - DEWEY DECIMAL CLASSIFICATION NUMBER
Classification number 664.028 SUM/FO
100 ## - MAIN ENTRY--AUTHOR NAME
Personal name Sumitra N Pandey
245 ## - TITLE STATEMENT
Title Food Preservation and Safety
260 ## - PUBLICATION, DISTRIBUTION, ETC. (IMPRINT)
Place of publication Delhi
Name of publisher Manglam Publications
Year of publication 2010
300 ## - PHYSICAL DESCRIPTION
Number of Pages 286
942 ## - ADDED ENTRY ELEMENTS (KOHA)
Koha item type Books
Holdings
Withdrawn status Lost status Damaged status Collection code Home library Current library Shelving location Date acquired Source of acquisition Cost, normal purchase price Full call number Accession Number Koha item type
      Non-fiction KAUAET KAUAET General Stacks 31/03/2012 Penta Books,Calicut 750.00 664.028 SUM/FO 22644 Books
free website counter